000 00461cam a2200181ua 4500
003 OSt
008 241111b |||||||| |||| 00| 0 eng d
041 _aeng
082 _a631.587
_bPUN/IR
100 _aPunmia, B C.
245 _aIrrigation and water power engineering /
250 _a11 /
260 _aNew Delhi :
_bStandard publishers Distributors ,
_c1990.
300 _a891 ; .
500 _a*CSS
700 1 _aLal, Dande B B .
_96409
942 _cBK
999 _c9379
_d9379